Cell and the soul (Record no. 240743)
[ view plain ]
| 000 -LEADER | |
|---|---|
| fixed length control field | 01867nam a22002417a 4500 |
| 005 - DATE AND TIME OF LATEST TRANSACTION | |
| control field | 20260123114824.0 |
| 008 - FIXED-LENGTH DATA ELEMENTS--GENERAL INFORMATION | |
| fixed length control field | 260113b |||||||| |||| 00| 0 eng d |
| 020 ## - INTERNATIONAL STANDARD BOOK NUMBER | |
| International Standard Book Number | 9789369521883 |
| 040 ## - CATALOGING SOURCE | |
| Transcribing agency | AL |
| 041 ## - LANGUAGE CODE | |
| Language code of text/sound track or separate title | English |
| 082 ## - DEWEY DECIMAL CLASSIFICATION NUMBER | |
| Classification number | 364.3092 |
| Item number | TELC |
| 100 ## - MAIN ENTRY--PERSONAL NAME | |
| Personal name | Anand Teltumbde |
| 100 ## - MAIN ENTRY--PERSONAL NAME | |
| 9 (RLIN) | 252377 |
| 245 ## - TITLE STATEMENT | |
| Title | Cell and the soul |
| Remainder of title | : a prison memoir |
| 260 ## - PUBLICATION, DISTRIBUTION, ETC. | |
| Place of publication, distribution, etc. | New Delhi |
| Name of publisher, distributor, etc. | Bloomsbury |
| Date of publication, distribution, etc. | 2025 |
| 300 ## - PHYSICAL DESCRIPTION | |
| Extent | 244 p. |
| Other physical details | HB |
| Dimensions | 22x14cm |
| 365 ## - TRADE PRICE | |
| Price type code | 5464 |
| Price amount | ₹559.00 |
| Currency code | ₹ |
| Unit of pricing | ₹699.00 |
| Price note | 20% |
| Price effective from | 10-01-2026 |
| 520 ## - SUMMARY, ETC. | |
| Summary, etc. | Noted social activist Anand Teltumbde entered the Taloja Central Prison as accused number 10 in the Bhima Koregaon case and spent 31 months as an undertrial until he was released on bail. As an intellectual who was stripped of his freedom, he lays bares the chilling realities of India's prisons in his gut-wrenching prison memoir. Part memoir, part diary, Cell and the Soul is a descent into the heart of India's carceral state, ripping open the belly of the beast-the prison industrial complex-and exposing the brutal, pulsating injustice within.<br/>From the echoing silence of his cell, Teltumbde writes of a heartless state that criminalises dissent with political imprisonment, of the relentless grind of injustice, and the profound cost of speaking truth to power. His prison writing is but a synecdoche for thousands of nameless, faceless undertrials who languish in India's jails.<br/>This is a raw, unvarnished testament of a man incarcerated for his convictions, a powerful indictment of a democracy devouring its own. Rare is writing so tender and searing it dares us to confront the darkness within each of us and seek our own freedoms.<br/> |
| 650 ## - SUBJECT ADDED ENTRY--TOPICAL TERM | |
| Topical term or geographic name entry element | Prison life India |
| 9 (RLIN) | 251155 |
| 650 ## - SUBJECT ADDED ENTRY--TOPICAL TERM | |
| Topical term or geographic name entry element | Political imprisonment and dissent |
| 9 (RLIN) | 251166 |
| 650 ## - SUBJECT ADDED ENTRY--TOPICAL TERM | |
| Topical term or geographic name entry element | Human rights India |
| 9 (RLIN) | 251167 |
| 650 ## - SUBJECT ADDED ENTRY--TOPICAL TERM | |
| Topical term or geographic name entry element | Criminal justice system India |
| 9 (RLIN) | 251168 |
| 942 ## - ADDED ENTRY ELEMENTS (KOHA) | |
| Source of classification or shelving scheme | Dewey Decimal Classification |
| Koha item type | Book |
| Withdrawn status | Lost status | Source of classification or shelving scheme | Damaged status | Not for loan | Collection code | Home library | Current library | Shelving location | Date acquired | Source of acquisition | Cost, normal purchase price | Total Checkouts | Full call number | Barcode | Date due | Date last seen | Date last checked out | Cost, replacement price | Price effective from | Koha item type |
|---|---|---|---|---|---|---|---|---|---|---|---|---|---|---|---|---|---|---|---|---|
| Dewey Decimal Classification | Political Science | St Aloysius Library | St Aloysius Library | Stack Section | 01/10/2026 | Biblios Book Point, Surathkal-575014 | 559.00 | 1 | 364.3092 TELC | 078022 | 05/22/2026 | 05/12/2026 | 05/12/2026 | 699.00 | 01/10/2026 | Book |